• 首页
  • 本馆介绍
  • 公告通知
  • 最新文献
  • 馆藏检索
  • 电子资源
  • 读者导购
  • 参考咨询
  • 我的图书馆
  • 登录
  • 详细信息显示
  • 放入我的书架
  • 预约/预借图书
  • 作者相关作品
  • 分类相关作品
  • 丛书相关作品
  • 出版社相关作品

书目信息

  • 表格格式
  • 工作单格式
  • 卡片格式
题名:
无穷维线性系统的Riesz基理论
    
 
作者: 郭宝珠 , 王军民 著
分册:  
出版信息: 北京   科学出版社  2021.3
页数: 467页
开本: 24cm
丛书名:
单 册:
中图分类: O231.1
科图分类:
主题词: 无限维--线性系统理论--控制系统理论
电子资源:
ISBN: 978-7-03-068219-2
000 01087nam0 2200265 45
001 012001001554
005 20140914105202.0
010    @a978-7-03-068219-2@dCNY198.00
100    @a20210419d2021 em y0chiy50 ea
101 0  @achi
102    @aCN@b110000
105    @ay z 000yy
106    @ar
200 1  @a无穷维线性系统的Riesz基理论@Awu qiong wei xian xing xi tong de Riesz ji li lun@b专著@f郭宝珠,王军民著
210    @a北京@c科学出版社@d2021.3
215    @a467页@d24cm
300    @a并列题名:Riesz basis theory of infinite dimensional linear systems
330    @a本书系统介绍了分析偏微分方程控制系统稳定性的Riesz基方法,侧重于由二阶偏微分系统描述的弹性振动系统的Riesz基性质、谱确定增长条件以及指数稳定性,从一般抽象的理论开始到具体偏微分系统Riesz基的验证都有全面叙述与证明。
510 1  @aRiesz basis theory of infinite dimensional linear systems@zeng
606 0  @a无限维@x线性系统理论@x控制系统理论
690    @aO231.1@v5
701  0 @a郭宝珠@Aguo bao zhu@4著
701  0 @a王军民@Awang jun min@4著
801  0 @aCN@bBJSDL@c20211011
905    @b1336275-8@dO231.1@e79@f4
    
    无穷维线性系统的Riesz基理论/郭宝珠,王军民著.-北京:科学出版社,2021.3
    467页;24cm
    并列题名:Riesz basis theory of infinite dimensional linear systems
    
    ISBN 978-7-03-068219-2:CNY198.00
    本书系统介绍了分析偏微分方程控制系统稳定性的Riesz基方法,侧重于由二阶偏微分系统描述的弹性振动系统的Riesz基性质、谱确定增长条件以及指数稳定性,从一般抽象的理论开始到具体偏微分系统Riesz基的验证都有全面叙述与证明。
●
相关链接 在E读中查询图书 在五车中查询图书 在当当中查询图书 在豆瓣中查询图书


正题名:无穷维线性系统的Riesz基理论     索取号:O231.1/79         预约/预借

序号 登录号 条形码 馆藏地/架位号 状态 备注
1 1336275   213362751   第二样本阅览室/ [索取号:O231.1/79] 在馆    
2 1336276   213362760   第三借阅区/ [索取号:O231.1/79] 在馆    
3 1336277   213362779   第三借阅区/ [索取号:O231.1/79] 在馆    
4 1336278   213362788   第三借阅区/ [索取号:O231.1/79] 在馆    
唐山师范学院图书馆 欢迎您!
大连网信软件有限公司© 版权所有